Top 100 U.S. Counties by Population (2011) Quiz Stats

 Plays Quiz not verified by Sporcle

Challenge
Share
Tweet
Embed
Score 0/100 Timer 15:00
0 Plays Today
State County % Correct
CALos Angeles County
97.8%
FLMiami-Dade County
91.3%
ILCook County
88.7%
CAOrange County
88%
FLOrange County
88%
CASan Diego County
84.7%
WAKing County
83.6%
NYQueens County
83.3%
TXDallas County
81.5%
CASan Francisco County
78.2%
NYKings County
77.1%
AZMaricopa County
76.7%
NYNew York County
73.8%
TXHarris County
72.4%
PAPhiladelphia County
72.4%
NYBronx County
72.4%
MDBaltimore County
71.3%
MIWayne County
70.9%
KYJefferson County
70.5%
ALJefferson County
70.5%
NVClark County
67.3%
CASacramento County
66.5%
CAAlameda County
64.7%
NYSuffolk County
64.7%
MASuffolk County
64.7%
HIHonolulu County
64%
MOSt. Louis County
63.3%
UTSalt Lake County
62.5%
CARiverside County
62.2%
OHCuyahoga County
61.8%
GAFulton County
61.5%
MOJackson County
60.7%
TXEl Paso County
60.4%
COEl Paso County
60.4%
State County % Correct
MDMontgomery County
59.6%
WIMilwaukee County
59.6%
PAMontgomery County
59.6%
PAAllegheny County
59.3%
CAFresno County
59.3%
FLBroward County
58.9%
CASanta Clara County
56.4%
CTHartford County
56%
RIProvidence County
54.9%
MAMiddlesex County
53.8%
NJMiddlesex County
53.8%
NJEssex County
53.8%
MAEssex County
53.8%
NYNassau County
53.5%
NYWestchester County
53.5%
NYErie County
52%
OHHamilton County
52%
TXBexar County
51.6%
CASan Bernardino County
51.3%
VAFairfax County
50.9%
OHFranklin County
50.5%
NYMonroe County
50.5%
MIOakland County
50.2%
ILLake County
50.2%
OKOklahoma County
49.5%
MNHennepin County
48.7%
CTNew Haven County
48%
MANorfolk County
47.6%
FLPalm Beach County
46.9%
TXTarrant County
46.5%
MDPrince George's County
46.5%
FLHillsborough County
46.2%
CAVentura County
45.8%
NJBergen County
43.6%
State County % Correct
NCMecklenburg County
42.9%
INMarion County
42.5%
TNShelby County
41.5%
TNDavidson County
40.7%
CAKern County
39.6%
CAContra Costa County
39.3%
FLPinellas County
39.3%
ORMultnomah County
38.9%
CASan Mateo County
38.5%
CTFairfield County
38.2%
TXTravis County
37.8%
FLDuval County
37.8%
MAWorcester County
37.8%
GADeKalb County
36.4%
PABucks County
36.4%
AZPima County
35.6%
NCWake County
35.6%
GACobb County
35.6%
FLLee County
33.5%
ILWill County
32.4%
NJHudson County
32.4%
WAPierce County
31.6%
CASan Joaquin County
30.9%
GAGwinnett County
29.1%
ILDuPage County
28.7%
TXDenton County
28.7%
NMBernalillo County
28.7%
TXCollin County
26.9%
MIMacomb County
25.1%
WASnohomish County
24%
NJMonmouth County
23.3%
TXHidalgo County
19.6%

You're not logged in!

Compare scores with friends on all Sporcle quizzes.
OR
Log In

You Might Also Like...

Show Comments

Extras

Top Quizzes Today


Score Distribution

Your Account Isn't Verified!

In order to create a playlist on Sporcle, you need to verify the email address you used during registration. Go to your Sporcle Settings to finish the process.

Report this User

Report this user for behavior that violates our Community Guidelines.

Details: